000 00338nam a22001457a 4500
008 210310b ||||| |||| 00| 0 eng d
020 _a9780397513185
041 _aeng
080 _23rd
_a617
082 _a617
100 _a5
101 _aKIR
245 _aMedical Management of the Surgical Patient
_cLubin, M, F
942 _2udc
_cBK
999 _c56184
_d56184